Statistics for Movies with Antonio Banderas and Salma Hayek

Click here to take the quiz!

General Stats

  • This quiz has been taken 27 times
    (12 since last reset)
  • The average score is 4 of 8

Answer Stats

YearFilm% Correct
1995Desperado
83%
2011Puss in Boots
83%
2003Once Upon a Time in Mexico
58%
2002Frida
42%
2022Puss in Boots: The Last Wish
42%
1995*Four Rooms
33%
2021Hitman's Wife's Bodyguard
25%
2003Spy Kids 3-D: Game Over
25%

Score Distribution

Percentile by Number Answered

Percent of People with Each Score

Your Score History

You have not taken this quiz since the last reset